1M+ cities of the world by letter - C - Statistics

General Stats
  • This quiz has been taken 1,937 times
    1,135 since last reset
  • The average score is 24 of 45
Answer Stats
Country Population City % Correct
Egypt 22.50 mil Cairo
100%
South Africa 4.97 mil Cape Town
96%
Venezuela 3.82 mil Caracas
95%
United States 9.65 mil Chicago
95%
Morocco 4.77 mil Casablanca
94%
Denmark 1.77 mil Copenhagen
94%
Sri Lanka 4.92 mil Colombo
91%
India 12.60 mil Chennai
88%
China 17.30 mil Chengdu
86%
Guinea 2.87 mil Conakry
80%
Colombia 2.95 mil Cali
79%
China 10.90 mil Chongqing
78%
Canada 1.46 mil Calgary
77%
Bangladesh 5.00 mil Chittagong
77%
United States 3.05 mil Cleveland
74%
United States 2.80 mil Cincinnati
73%
Argentina 1.79 mil Córdoba
73%
United States 1.81 mil Columbus
72%
United States 2.60 mil Charlotte
70%
Philippines 2.75 mil Cebu
67%
Brazil 3.42 mil Curitiba
66%
Benin 2.07 mil Cotonou
64%
China 11.00 mil Changsha
63%
Mexico 1.06 mil Cancun
55%
Russia 1.47 mil Chelyabinsk
52%
Brazil 3.25 mil Campinas
50%
Colombia 1.22 mil Cartagena
48%
Bolivia 1.49 mil Cochabamba
41%
China 5.05 mil Changchun
38%
Mexico 1.06 mil Chihuahua
35%
India 3.00 mil Coimbatore
35%
Mexico 1.62 mil Ciudad Juárez
32%
India 2.67 mil Chandigarh
20%
United States 1.22 mil Cape Coral
19%
Thailand 1.52 mil Chonburi
17%
Colombia 1.09 mil Cúcuta
17%
South Korea 1.01 mil Changwon
16%
Mexico 1.21 mil Cuernavaca
16%
China 1.16 mil Changde
10%
Indonesia 1.21 mil Cirebon
10%
South Korea 1.21 mil Cheongju
9%
China 1.18 mil Chifeng
8%
China 1.77 mil Cangnan
7%
China 1.03 mil Chuzhou
5%
China 1.23 mil Changzhi
4%
No matching quizzes found
Score Distribution
Percent of People with Each Score
Percentile by Number Answered
Your Score History
You have not taken this quiz since the last reset